| Tag |
First Indicator |
Second Indicator |
Subfields |
| LEADER |
00000cam a2200000 a 4500 |
| 001 |
in00000525966 |
| 005 |
20200328063118.0 |
| 008 |
831202s1983 mnu b 00011 eng d |
| 020 |
|
|
|a 0931122295
|
| 035 |
|
|
|a (OCoLC)10181060
|
| 035 |
|
|
|9 ACG0108AM
|
| 040 |
|
|
|a WAU
|c WAU
|d TXA
|d UtOrBLW
|
| 049 |
|
|
|a TXAM
|c [1813673]
|
| 090 |
|
|
|a PR9550.9.B8
|b I3 1983
|
| 100 |
1 |
|
|a Bulosan, Carlos.
|
| 245 |
1 |
0 |
|a If you want to know what we are :
|b a Carlos Bulosan reader /
|c originally edited by E. San Juan ; with an introduction by Leigh Bristol-Kagan.
|
| 264 |
|
1 |
|a Minneapolis :
|b West End Press,
|c [1983]
|
| 264 |
|
4 |
|c ©1983
|
| 300 |
|
|
|a 80 pages ;
|c 22 cm.
|
| 336 |
|
|
|a text
|b txt
|2 rdacontent
|
| 337 |
|
|
|a unmediated
|b n
|2 rdamedia
|
| 338 |
|
|
|a volume
|b nc
|2 rdacarrier
|
| 504 |
|
|
|a Bibliography: page 80.
|
| 700 |
1 |
|
|a San Juan, E.
|q (Epifanio),
|c Jr.,
|d 1938-
|
| 999 |
|
|
|a MARS
|
| 999 |
f |
f |
|s 66cce118-7de4-3b87-a952-37103a58ee90
|i 1e1195d0-d546-3f99-888b-ec580fc4ec49
|t 0
|
| 952 |
f |
f |
|p normal
|a Texas A&M University
|b College Station
|c Sterling C. Evans Library
|d Evans: Library Stacks
|t 0
|e PR9550.9.B8 I3 1983
|h Library of Congress classification
|i unmediated -- volume
|m A14808070161
|
| 998 |
f |
f |
|a PR9550.9.B8 I3 1983
|t 0
|l Evans: Library Stacks
|